Los países más redondos del mundo - Estadísticas

Estadísticas generales
  • Esta prueba ha sido intentada 26 veces
  • La puntuación promedio es 11 de 20
Estadísticas de respuestas
Hint Respuesta % Correcto
Europa Ciudad del vaticano
83%
Europa Macedonia
83%
Europa Andorra
74%
Europa San Marino
74%
América del Sur Uruguay
74%
Europa Monaco
65%
Oceania Nauru
61%
Europa Polonia
61%
Africa Sierra Leona
61%
Africa Esuatini
57%
Europa Kosovo
57%
Europa Bielorrusia
48%
Europa Rumania
48%
Africa Sudan
43%
Africa Zimbabue
43%
Africa Botsuana
35%
Africa Etiopia
35%
África Costa de Marfil
26%
Africa Egipto
26%
América del Sur Surinam
26%
No se encontraron pruebas coincidentes
Distribución de puntuación
Porcentaje de gente con cada puntuación
Porcentaje por número respondido
Historial de tus puntuaciones
No has intentado esta prueba.